000 01200nam a2200349 4500
999 _c23442
_d23442
001 vtls012132914
005 20221011073615.0
008 220429s2022 xo e 000 f slo
020 _a9788082420497
_q(viazané)
040 _aTTKJF
_bslo
_cTTKJF
_erda
041 1 _aslo
_hnor
044 _axo
_cSK
072 7 _a821.11
_xGermánske literatúry
_2konspekt
080 _a821.113.5-31
_22011
080 _a(0:82-312.4)
_22011
100 1 _aHorst, Jørn Lier,
_d1970-
_93661
240 1 0 _aGrenseløs
_lSlovensky
245 1 0 _aV sieti
_cJørn Lier Horst ; z nórčiny preložila Zuzana Demjánová
250 _aPrvé vydanie
264 1 _aBratislava
_bPremedia
_c2022
300 _a293 strán
_c21 cm
336 _atext
_btxt
_2rdacontent
337 _abez média
_bn
_2rdamedia
338 _azväzok
_bnc
_2rdacarrier
490 1 _aLabyrint
_v46. zväzok
500 _aObsahuje stručné biografické údaje o autorovi na záložke prebalu publikácie
655 7 _anórske romány
_2SNKPH
_92134
655 7 _adetektívne romány
_2SNKPH
_91710
655 7 _aNorwegian fiction
_2SNKPHeng
_92136
655 7 _aDetective novels
_2SNKPHeng
_91711
700 1 _aDemjánová, Zuzana,
_d1977
_4trl
_93662